| 000 | 00383nam a22001697a 4500 | ||
|---|---|---|---|
| 005 | 20260328155400.0 | ||
| 008 | 160616b xxu||||| |||| 00| 0 eng d | ||
| 020 | _a978-0-07-099603-8 | ||
| 041 | _aeng | ||
| 082 | _b7915 | ||
| 100 |
_aTaglor, Grant _92059 |
||
| 245 | _aEnglish conversation Pratice | ||
| 260 |
_bTMH _c2008 |
||
| 300 | _a291 | ||
| 650 | _aManagement | ||
| 942 | _cBK | ||
| 999 |
_c2885 _d2884 |
||